Sang Kancil dengan ketam

Bibliographic Details
Main Author: Mohamad Ali Majod
Format: Book
Published: Kuala Lumpur : Utusan Publications & Distributors , 2005
Series:Siri animasi rimba hijau
Subjects:

MARC

LEADER 00000cam a2200000 7i4500
001 0000000636
005 20151222.0
008 070702
020 |a 9676116904 
020 |a 9676116971(set) 
090 0 0 |a JF   |b ANM MAL (572) 
100 0 |a Mohamad Ali Majod 
245 1 0 |a Sang Kancil dengan ketam   |c Mohamad Ali Majod 
260 |a Kuala Lumpur :   |b Utusan Publications & Distributors ,   |c 2005 
440 |a Siri animasi rimba hijau 
500 |a Children ages 7-9 years old (orange) 
650 0 |a Animals   |x Fiction 
650 0 |a Children's stories, Malay 
999 |a 0000920712   |b Book   |c Children Collection   |e Cawangan Bukit Gambir 
999 |a 0000920714   |b Book   |c Children Collection   |e Cawangan Bukit Gambir 
999 |a 0000944816   |b Book   |c Children Collection   |e Cawangan Taman Sri Lambak 
999 |a 0000957329   |b Book   |c Children Collection   |e Perbadanan Perpustakaan Awam Johor 
999 |a 0000957330   |b Book   |c Children Collection   |e Perbadanan Perpustakaan Awam Johor 
999 |a 0000957331   |b Book   |c Children Collection   |e Perbadanan Perpustakaan Awam Johor 
999 |a 0000957332   |b Book   |c Children Collection   |e Cawangan Tmn. Ungku Tun Aminah 
999 |a 0000957333   |b Book   |c Children Collection   |e Perbadanan Perpustakaan Awam Johor